00349pab a2200145 454500008004000000100001800040245002500058260000900083300001200092362001100104650001900115650003000134650002200164773001700186180718b2000 xxu||||| |||| 00| 0 eng d aSathe, Vasant aCrisis of confidence c2000 ap.12-13 a27 May aCongress party aPolitical parties - India aPolitical parties aYoung Indian